Environment strategy for the World Bank East Asia and pacific region

Guardat en:
Dades bibliogràfiques
Format: Llibre
Idioma:Undetermined
Publicat: Washington The World Bank 2005
Matèries:
Etiquetes: Afegir etiqueta
Sense etiquetes, Sigues el primer a etiquetar aquest registre!
Thư viện lưu trữ: Trung tâm Học liệu Trường Đại học Cần Thơ
LEADER 00480nam a2200169Ia 4500
001 CTU_92166
008 210402s9999 xx 000 0 und d
082 |a 363.7 
082 |b W927 
245 0 |a Environment strategy for the World Bank East Asia and pacific region 
260 |a Washington 
260 |b The World Bank 
260 |c 2005 
650 |a environmental policy 
650 |z east asia 
904 |i Tuyến 
980 |a Trung tâm Học liệu Trường Đại học Cần Thơ